00676 2200241 4500001002100000005001500021035002000036007000300056008004100059040001700100100001900117245011000136300002200246020001800268041000800286082001000294084001600304090002000320260004800340700001500388850001000403990002100413INLIS00000000000314220260528064815 a0010-0321000105ta260528 0  aSBPUPADbind0 aDaniel Goleman1 aEmotional Intelligence: Mencerdaskan Emosional :bMengapa EI lebih ppenting daripada IQ /cDaniel Goleman a520 hlm. ;c23 cm a979-605-408-6 aind a159.9 a159.9 DAN e a159.9 DAN e 2-6 a.--Jakarta :bGramedia Pustaka Utama,c1996 aT. Hermaya aPUPAD a0742/BR/ARPUS/06